Statistics for Previous Country Names

Click here to take the quiz!

General Stats

  • This quiz has been taken 57 times
  • The average score is 12 of 15

Answer Stats

Previous NameChangedCountry% Correct
Burma1989Myanmar
100%
Persia1935Iran
94%
Macedonia2019North Macedonia
94%
Swaziland2018Eswatini
92%
Irish Free State1937Ireland
92%
Siam1939Thailand
90%
Republic of Zaire1997Democratic Republic of the Congo
86%
Abyssinia1945Ethiopia
86%
Rhodesia1980Zimbabwe
84%
Ceylon1972Sri Lanka
82%
French Somaliland1977Djibouti
74%
Democratic Kampuchea1993Cambodia
72%
Malagasy Republic1975Madagascar
66%
Upper Volta1984Burkina Faso
56%
Bechuanaland1966Botswana
40%

Score Distribution

Percentile by Number Answered

Percent of People with Each Score

Your Score History

You have not taken this quiz